000 00783nam a2200217 a 4500
001 13091
003 BD-JhCC
005 20230710084900.0
008 220623s20152022bg |||| ||a| 000 0 ben d
035 _a(BD-JhCC)13091
040 _aBD-JhCC
_dBD-JhCC
041 _aben
082 _bUDD 2022
_a891.443
100 _aউদ্দিন, মোহাম্মদ নাজিম
245 _aরবীন্দ্রনাথ এখানে কখনও খেতে আসেননি /
_cমোহাম্মদ নাজিম উদ্দিন ।
260 _aঢাকা:
_bবাতিঘর প্রকাশনী;
_c২০২২.
300 _a৩০৪ পৃ. :
_c২২ সেমি.
650 _aDetective Stories
942 _2ddc
_cBK
_024
999 _c13091
_d13091